Score 0/20 Timer 02:00
0 Plays Today
Missing Word % Correct
Gone
98.9%
Jesus
77.3%
Suck
74.8%
Cheats
69.5%
Not
64.1%
Hazel
52.4%
Play
47.6%
Independent
46.6%
Because
44.1%
What
41.6%
Missing Word % Correct
Air
37%
Step
35.5%
Blown
28.1%
Cowboy
27.9%
Last
22.8%
Tonight
16.1%
Over
15.4%
Woman
12.4%
Now
11.6%
Surprise
8%

Today's Daily Dose

Remove Ads.
Support Sporcle.
Get the best of Sporcle when you Go Orange. This ad-free experience offers more features, more stats, and more fun while also helping to support Sporcle. Thank you for becoming a member.

You're not logged in!

Compare scores with friends on all Sporcle quizzes.
OR
Log In

Show Comments

Extras

Top Quizzes Today


Score Distribution

Your Account Isn't Verified!

In order to create a playlist on Sporcle, you need to verify the email address you used during registration. Go to your Sporcle Settings to finish the process.

Report this User

Report this user for behavior that violates our Community Guidelines.

Details: